Corporate culture and organizational effectiveness (Registro nro. 184286)
[ vista simple ]
| 000 -ENCABEZADO | |
|---|---|
| Número de control [NR] | 00851cam a2200229Ki 4500 |
| 001 - NÚMERO DE CONTROL | |
| control field | ocn749171381 |
| 005 - FECHA Y HORA DE LA ÚLTIMA TRANSACCIÓN | |
| control field | 20140718134811.0 |
| 008 - DE LONGITUD FIJA DE DATOS DE ELEMENTOS - INFORMACIÓN GENERAL | |
| Elementos de longitud fija [NR] | 110904s1997 xxuad frn 001 0 eng d |
| 020 ## - NUMERO INTERNACIONAL NORMALIZADO PARA LIBROS [R] | |
| Número Internacional Normalizado del libro [NR] | 9780965861205 |
| 040 ## - FUENTE DE CATALOGACION [NR] | |
| Agencia de catalogación original [NR] | CO-BoUCM |
| Idioma de catalogación [NR] | eng |
| Quien Cataloga | Jose A. Gerena (modificó) |
| Quien Clasifica | Aldemar Mondragón |
| 041 0# - CODIGO DE IDIOMA [R] | |
| Código de idioma para texto/pista de sonido o título separado [R] | Inglés |
| 100 1# - ASIENTO PRINCIPAL--NOMBRE PERSONAL [NR] | |
| Nombre personal [NR] | Denison, Daniel R. |
| ID Autoridad | 56823 |
| 245 10 - MENCION DE TITULO [NR] | |
| Título [NR] | Corporate culture and organizational effectiveness |
| Mención de responsabilidad, etc. [NR] | Daniel R. Denison |
| 260 ## - PUBLICACION, DISTRIBUCION, ETC. (PIE DE IMPRENTA) [R] | |
| Lugar de publicación, distribución, etc. [R] | Ann Arbor (Míchigan, Estados Unidos) |
| Nombre del editor, distribuidor, etc. [R] | Denison Colture |
| Fecha de publicación, distribución, etc. [R] | 1997 |
| 300 ## - DESCRIPCION FISICA [R] | |
| Extensión [R] | xvii, 267 páginas |
| Otros detalles físicos [NR] | ilustraciones y gráficas |
| 650 #7 - ASIENTO SECUNDARIO DE MATERIA - TERMINO TEMATICO [R] | |
| Término temático o nombre geográfico como elemento de entrada [NR] | Cultura corporativa |
| 9 (RLIN) | 12394 |
| 650 #7 - ASIENTO SECUNDARIO DE MATERIA - TERMINO TEMATICO [R] | |
| Término temático o nombre geográfico como elemento de entrada [NR] | Efectividad organizacional |
| 9 (RLIN) | 13904 |
| 650 #7 - ASIENTO SECUNDARIO DE MATERIA - TERMINO TEMATICO [R] | |
| Término temático o nombre geográfico como elemento de entrada [NR] | Cambio organizacional |
| 9 (RLIN) | 7360 |
| 690 ## - ASUNTO AGREGADO LOCAL DE ENTRADA - TÉRMINO TEMÁTICO (OCLC, RLIN) | |
| 9 (RLIN) | 42736 |
| Acceso temático local | Administración de empresas |
| 942 ## - ELEMENTOS DE ENTRADA AGREGADOS (KOHA) | |
| Sistema de clasificación | DEWEY |
| Tema principal | Administración |
| Tipo de ítem principal el descrito en 300a | Libro de reserva |
| Edición | 1 |
| Parte restante de la signatura top. | D396den |
| Clasificación | 658.4 |
| Fecha de último préstamo | Total préstamos | Total Renewals | Signatura topográfica | Código de barras | Última vez visto | Ejemplar | Costo de reposición | Price effective from | Tipo de ítem | Perdido | Sistema de clasificación | Dañado | No prestable | Tipo de ítem específico | Suprimido | Ubicación habitual | Ubicación actual | Localización | Fecha de creación | Proveedor | Forma de adquisición | Costo |
|---|---|---|---|---|---|---|---|---|---|---|---|---|---|---|---|---|---|---|---|---|---|---|
| 20/11/2021 | 1 | 1 | 658.4 D396den | 100140332 | 04/12/2025 | Ej.1 | 54748.00 | 22/01/2014 | Libro | DEWEY | Libro | Claustro | Claustro | 4to piso | 22/01/2014 | 37 | Compra | 54748.00 |